00322nam a2200121Ia 4500003000400000008004100004040001600045082001900061245004700080260005700127300001100184490000500195GCL140319s9999 xx 000 0 ara d aGCL / cGCL04a346.092bع ش10aشرح قوانين الاستسئمار a[S.N] : bدار الفكر الجامعى ، c1990 a423 ص a